01326nam a2200277 a 450000100100000000500170001000800410002702000150006804000250008308200160010810000330012424001220015724502260027926000290050530000280053449000160056253401640057850000430074250000210078570000460080683000220085291000280087404900090090295201200091199900170103100001883620200929165850.0100519s1998 sp a 000 0 spa d a843060278X aDO-SdBNPbspacBNPHU annnnbH758e1 aHolton, Gerald James,94059110aEinstein, historia and other passions. the rebellion against science at the end of the twentieth century.lEspañol.10aEinstein, historia y otras pasiones :bla rebelión contra la ciencia en el final del siglo XX / Gerald Holton ; traducción de José Javier García Sanz /cGerald Holton ; traducción de José Javier García Sanz. aMadrid :bTaurus,c1998. a312 p. :bil. ;c22 cm.1 aPensamiento pTítulo original en inglés:tEinstein, historia and other passions. the rebellion against science at the end of the twentieth century.cNew York : AIP, 1995 aIncluye notas al pie de las páginas. aIncluye índice1 aGarcía Sanz, José Javier,etr.940592 0aPensamiento99245 aCatalogación original aBNGR 001054708MOaGRbGRcCTd2010-05-19iLF1l0onnnn H758ep18836-10r2020-06-25w2020-06-25y4ZPréstamo en sala c18356d18356